|
|
|
|
| LEADER |
00000nab a2200000 a 4500 |
| 001 |
vtls000552888 |
| 003 |
SK-MaSNL |
| 005 |
20260305042711.0 |
| 008 |
250425c1995 xo 0 slo |
| 015 |
|
|
|a SNBRB19rr/mm-uuuuu
|
| 035 |
|
|
|a CL0553026
|
| 035 |
|
|
|a urn:nbn:sk:snk-ab75v8
|
| 035 |
|
|
|a (uuid)159a5186-be33-4273-bf4f-8b6f8051ea95
|
| 035 |
|
|
|a (urnnbn)urn:nbn:sk:snk:ar-a070ys
|
| 035 |
|
|
|a (sysno)vtls000552888
|
| 040 |
|
|
|a SNKBUCL
|b slo
|c SNKBUCL
|e AACR2
|
| 041 |
0 |
|
|a slo
|
| 044 |
|
|
|a xo
|c SK
|
| 080 |
|
|
|a 330.55(439):338.1(439):339.19(439)
|2 1981
|
| 080 |
|
|
|a 338.1(439)
|2 1981
|
| 080 |
|
|
|a 339.19(439)
|2 1981
|
| 100 |
1 |
|
|a Árway, János
|4 aut
|9 1624206
|
| 245 |
1 |
0 |
|a Vplyv skrytej ekonomiky na mieru rastu hrubého domáceho produktu v Maďarsku
|c János Árway
|
| 300 |
|
|
|b Tab. 4, res. angl., nem., slov., lit. 6 zázn. v slov.
|
| 650 |
0 |
7 |
|a hrubý domáci produkt
|2 snkbucl
|9 2288
|
| 650 |
0 |
7 |
|a ekonomika skrytá
|2 snkbucl
|9 903488
|
| 651 |
|
7 |
|a Maďarsko
|2 snkbucl
|9 16754
|
| 655 |
|
7 |
|a články z novín a časopisov
|2 snkbucl
|9 267496
|
| 773 |
0 |
|
|t Slovenská štatistika a demografia
|g Roč. 5, č. 2 (1995), s. 29-42
|x 1210-1095
|
| 850 |
|
|
|a Slovenská národná knižnica
|
| 852 |
|
|
|a Slovenská národná knižnica
|
| 954 |
|
|
|a odborná, vedecká literatúra pôvodná (slovenská)
|2 lita
|
| 958 |
|
|
|a article27
|
| 958 |
|
|
|a RK
|
| 958 |
|
|
|a HU
|
| 958 |
|
|
|a OND
|
| 958 |
|
|
|a EUIPO
|
| 992 |
|
|
|a RBX
|
| 999 |
|
|
|c 3350613
|d 3352543
|